Представление документа в формате MARC21

Поле Инд. ПП Название Значение
Тип записи a
Библиографический уровень b
001 Контрольный номер RU/IS/BASE/308925281
005 Дата корректировки 20200629065915.5
008 Кодируемые данные 20091015
040 b Код языка каталог. rus
e Правила каталог. PSBO
041 0_ a Код языка текста rus
084 a Индекс другой классификации/Индекс ББК 60.025; 60.553
100 1_ a Автор Логунова Л. Ю.
q Полное имя Логунова Лариса Юрьевна
245 10 a Заглавие Структурные характеристики семейно-родовой социальной памяти
504 a Библиография Библиогр.: с. 133
520 a Аннотация Человек, приходя в мир, несет в своих структурах информацию о родителях, далеких предках, память об истории своей родины, общечеловеческих ценностях и ушедших цивилизациях. Его жизнь - процесс воспоминания, принятия семейно-социальной памяти как опыта рода, цепочка "подключения" к банку общечеловеческой памяти, система выборов жизненных ситуаций, в которых капитал семейной памяти является ориентиром для решения жизненно важных задач. В центре внимания автора - структура и уровни социальной семейной памяти, ее механизмы, каналы передачи и проводники. Рациональное использование потенциала семейной социальной памяти позволяет человеку управлять своей судьбой, строить будущее для своих потомков в семейно-родовом пространстве
650 a Основная рубрика социальная философия
a Основная рубрика социология
a Основная рубрика социология личности
a Основная рубрика философия
653 a Ключевые слова историческая память
a Ключевые слова повседневная жизнь
a Ключевые слова семейная социализация
a Ключевые слова семейная социальная память
a Ключевые слова социальная антропология
a Ключевые слова социальная память
a Ключевые слова социальное действие
a Ключевые слова традиции
773 08 t Заглавие источника Вестник Московского университета. Серия 18, Социология и политология
d Дата издания источника 2009
g Прочая информация № 1. - С. 120 - 133
w Контрольный № источника RU/IS/BASE/299591355
901 t Тип документа b